Statistics for 300 Digits of Pi

Click here to take the quiz!

General Stats

  • This quiz has been taken 13,798 times
  • The average score is 185 of 300

Answer Stats

Digit% Correct
1
99%
4
99%
1
98%
5
97%
2
96%
9
96%
5
95%
6
95%
3
94%
5
93%
8
93%
7
92%
9
92%
9
92%
2
91%
3
91%
3
91%
8
91%
4
90%
6
90%
2
89%
3
89%
4
89%
6
89%
2
88%
3
88%
3
88%
8
88%
0
87%
5
87%
7
87%
9
87%
1
86%
2
86%
4
86%
8
86%
8
86%
1
85%
6
85%
7
85%
9
85%
1
84%
3
84%
3
84%
7
84%
9
84%
9
84%
9
84%
0
83%
5
83%
5
83%
0
82%
2
82%
4
82%
7
82%
8
82%
9
82%
2
81%
3
81%
4
81%
4
81%
5
81%
9
81%
9
81%
0
80%
1
80%
6
80%
7
80%
8
80%
0
79%
2
79%
2
79%
4
79%
6
79%
6
79%
8
79%
0
78%
2
78%
6
78%
8
78%
8
78%
9
78%
9
78%
0
77%
2
77%
3
77%
4
77%
5
77%
8
77%
8
77%
0
76%
1
76%
1
76%
2
76%
3
76%
4
76%
6
76%
7
76%
7
76%
1
75%
2
75%
4
75%
8
75%
9
75%
0
74%
1
74%
2
74%
3
74%
5
74%
6
74%
8
74%
8
74%
0
73%
2
73%
3
73%
6
73%
8
73%
0
72%
3
72%
4
72%
4
72%
6
72%
6
72%
7
72%
8
72%
9
72%
0
71%
0
71%
1
71%
2
71%
2
71%
2
71%
3
71%
3
71%
4
71%
5
71%
5
71%
5
71%
7
71%
8
71%
9
71%
0
70%
1
70%
2
70%
4
70%
5
70%
5
70%
8
70%
9
70%
1
69%
4
69%
8
69%
1
68%
1
68%
7
68%
8
68%
0
67%
1
67%
2
67%
4
67%
5
67%
8
67%
0
66%
2
66%
4
66%
0
65%
1
65%
3
65%
7
65%
9
65%
0
64%
1
64%
1
64%
2
64%
5
64%
8
64%
4
63%
5
63%
5
63%
5
63%
6
63%
9
63%
2
62%
2
62%
4
62%
4
62%
6
62%
9
62%
0
61%
3
61%
3
61%
4
61%
5
61%
8
61%
9
61%
9
61%
1
60%
6
60%
8
60%
9
60%
4
57%
2
56%
4
56%
8
55%
8
55%
1
54%
0
53%
7
52%
9
52%
5
51%
6
50%
5
49%
6
49%
3
48%
9
48%
3
47%
4
47%
4
47%
1
46%
6
46%
2
45%
8
44%
4
43%
5
42%
7
42%
6
41%
2
40%
4
40%
8
40%
3
39%
3
38%
7
38%
6
37%
7
37%
8
37%
1
36%
3
36%
6
36%
8
36%
2
35%
5
35%
0
34%
1
34%
1
34%
2
34%
7
34%
0
33%
1
33%
9
33%
9
33%
4
31%
5
31%
4
30%
6
30%
5
29%
6
29%
8
29%
2
28%
3
28%
6
28%
9
28%
4
27%
6
27%
0
26%
3
26%
4
26%
8
26%
0
25%
1
25%
6
25%
4
24%
2
23%
3
23%
4
23%
5
23%
2
22%
4
22%
6
22%
6
22%
8
22%
1
21%
3
21%
3
21%
3
21%
0
20%
2
20%
6
20%
6
20%
7
20%
9
20%
0
19%
1
19%
2
19%
4
19%
1
18%
2
18%
3
18%
4
18%
7
18%
9
18%

Score Distribution

Percentile by Number Answered

Percent of People with Each Score

Your Score History

You have not taken this quiz